000 00719nam a2200205 4500
001 144285
003 ES-MaACL
005 20230906201001.0
007 t|
008 070214s1962 sp r ||||1| spa d
080 _a348.6:347.622.3(460)"18"
100 1 _aSierra Nava, Luis.
_9106281
245 1 4 _aLos decretos del ministro Urquijo sobre matrimonios de 1799-1809 :
_btesis doctoral /
_cLuis Sierra Nava-Lasa.
260 _aMadrid :
_bFacultad de Filosofía y Letras,
_c1962.
300 _a36 p. ;
_c19 cm.
502 _aTesis doctoral.
650 4 _aMatrimonio (Derecho canónico)-
_zEspaña.
_9173103
710 2 _aUniversidad de Madrid.
_bFacultad de Filosofía y Letras.
_97214
852 _aES-MaACL
_j2042-F-19
999 _c144285
_d144285